Littératures francophones de L'océan Indien

Gardado en:
Detalles Bibliográficos
Autor Principal: Joubert, Jean-Louis; Osman, Amina y Ramarosoa, Liliane
Formato: Libro
Idioma:Undetermined
Publicado: París, Francia Groupe de la Cité international création-Diffusion 1993
Materias:
Etiquetas: Engadir etiqueta
Sen Etiquetas, Sexa o primeiro en etiquetar este rexistro!

MARC

LEADER 00000nam a2200000Ia 4500
008 170316s9999 xx 000 0 und d
040 |a cru BVZT 
090 |a A-840 L-3.5L 
100 |a Joubert, Jean-Louis; Osman, Amina y Ramarosoa, Liliane 
245 |a Littératures francophones de L'océan Indien 
260 |a París, Francia 
260 |b Groupe de la Cité international création-Diffusion 
260 |c 1993 
300 |a 160 páginas 
650 |a LITERATURA FRANCESA 
650 |a ANTOLOGÍA 
650 |a EN IDIOMA FRANCÉS 
999 |c 12430  |d 12430 
942 |c 15 D  |h A-840 L-3.5L  |2 z